00386nam a2200157Ia 4500001000500000005001700005008004100022041000800063082001800071100004700089245006000136260000900196300000700205650000800212654000800220982720260306161747.0260306t2009||||xx |||||||||||||| ||spa|| aESP a465bR31 T. 2 aReal Academia de la Lengua EspañolaeAUT 0aNueva gramática de la lengua española:bsintaxis II c2009 ac aGEN aCHU